000 00326nam a2200133 i 4500
001 bg
100 1 _aŻÓŁTOWSKI, Zbigniew
245 0 _aPrawo górnicze i geologiczne /
_cZbigniew Żółtowski.
260 _aWarszawa,
_c1972.
040 _cBPK
041 _apol
942 _cKS
008 s pl f |000 0 pol
999 _c26181
_d26181
856 _uhttp://koha.tu.koszalin.pl/cgi-bin/koha/opac-detail.pl?biblionumber=26181
_yKatalog online BPK